000
00216nam a2200097Ia 4500
008
230206s9999 xx 000 0 und d
041
_a
eng
245
_a
IIBF Vision
260
_b
Direct
650
_a
Financial Management
999
_c
97610
_d
97610